Miasta z mistrzostwem Anglii - Statystyki

Ogólne statystyki
  • Ten quiz został rozwiązany 194 razy
  • Średni wynik to 8 z 19
Statystyki odpowiedzi
Ilość Miasto % Poprawnych
21 Londyn
99%
26 Manchester
98%
28 Liverpool
96%
7 Birmingham
68%
3 Leeds
64%
1 Leicester
60%
4 Newcastle
55%
1 Nottingham
54%
5 Sheffield
38%
3 Blackburn
37%
6 Sunderland
28%
2 Derby
26%
3 Wolverhampton
22%
2 Portsmouth
20%
2 Burnley
17%
1 Ipswich
16%
3 Huddersfield
10%
2 Preston
10%
1 West Bromwich
8%
Nie znaleziono quizów pasujących do podanych kryteriów
Rozkład punktacji
Procent ludzi z każdym wynikiem
Percentyl według liczby udzielonych odpowiedzi
Twoja historia wyników
Nie rozwiązałeś tego quizu